| 000 | 00783nam a2200205Ii 4500 | ||
|---|---|---|---|
| 003 | JO-AjNU | ||
| 008 | 230605s9999||||xx |||||||||||||| ||und|| | ||
| 040 |
_aJO-AjNU _bara _erda _cJO-AjNU |
||
| 041 | _aara | ||
| 050 | 1 | 4 | _aPJ7527.K4 1984 |
| 100 | 3 |
_aخفاجي، محمد عبد المنعم, _eauthor _98708 |
|
| 245 | 0 | 0 | _aالحياة الأدبية في عصر صدر الإسلام 12ق هـ - 41 هـ |
| 250 | _aط2 | ||
| 264 | 3 | 1 | _aبيروت: دار الكتاب اللبناني، 1984 ؛ بيروت: مكتبة المدرسة، 1984 |
| 300 | _a236ص | ||
| 336 |
_atext _btxt _2rdacontent |
||
| 337 |
_aunmediated _bn _2rdamedia |
||
| 338 |
_avolume _bnc _2rdacarrier |
||
| 650 | 4 |
_aالأدب القديم - عصر صدر الإسلام - الحياة الأدبية _98709 |
|
| 999 |
_aA927 _c4495 _d4495 |
||